000 00557nam a2200217Ia 4500
003 0100
008 130303s9999 xx 000 0 und d
020 _a090701562X
040 _cARRUPELIB
050 _aB5305.K13 1990
100 _aKamalu, Chukwunyere
245 _aFoundations of African thought
245 _ba Worldview grounded in the African heritage of Religion, Philosophy, Science, a
260 _aLondon
260 _bKarnak House
260 _C1990
300 _a176p.
300 _b 22 cm.
650 _aPHILOSOPHY
942 0 0 _017
999 _c20656
_d20656